|
|
|
|
| LEADER |
00000nta a2200000 i 4500 |
| 001 |
dolg8483 |
| 005 |
20170206141407.0 |
| 008 |
161209suuuu hu om 000 hun d |
| 040 |
|
|
|a BGE Dolgozattár Repozitórium
|b hun
|
| 041 |
|
|
|a hu
|
| 100 |
1 |
|
|a Sárga Fanni
|
| 245 |
1 |
0 |
|a Csepel-sziget és a Ráckevei Duna-ág környékének, természeti, és kulturális értékeinek turisztikai bemutatása
|c Sárga Fanni
|h [elektronikus dokumentum]
|
| 695 |
|
|
|a Csepel-sziget
|
| 695 |
|
|
|a Ráckevei Duna-ág
|
| 700 |
1 |
|
|a Remenyik Dr. Bulcsú
|e ths
|
| 856 |
4 |
0 |
|u http://dolgozattar.uni-bge.hu/8483/1/Szakdolgozat-S%C3%A1rga%20Fanni.pdf
|z Dokumentum-elérés
|